[Event "Mundial Juvenil femenino 2005 s10"]
[Site "Belfort FRA"]
[Date "2005.07.23"]
[Round "5.2"]
[White "Kou, Yingya"]
[Black "Iwanow, Anna"]
[Result "1/2-1/2"]
[WhiteElo "1599"]
[BlackElo "1854"]
[PlyCount "160"]
[EventDate "2005.07.19"]
[EventType "swiss"]
[EventRounds "11"]
[EventCountry "FRA"]
[Source "lmi"]
[SourceDate "2005.07.31"]

1. e4 e5 2. Nf3 Nc6 3. d4 exd4 4. Bc4 Nf6 5. Ng5 d5 6. exd5 Ne5 7. Qxd4 Nxc4 8.
Qxc4 Qxd5 9. Qe2+ Be6 10. Nc3 Qxg2 11. Rf1 O-O-O 12. Nxe6 Re8 13. Be3 Rxe6 14.
O-O-O Bb4 15. Qc4 Bxc3 16. Qxc3 Rc6 17. Qd2 Ra6 18. Kb1 Qc6 19. Qd3 Re8 20. Rg1
Qe6 21. a3 Rd6 22. Qb5 a6 23. Qc5 Red8 24. Rde1 b6 25. Qc3 Qf5 26. Qc4 Qa5 27.
Bf4 R6d7 28. Re5 b5 29. Qc6 Rd1+ 30. Rxd1 Rxd1+ 31. Ka2 Rd6 32. Qa8+ Kd7 33.
Rc5 Qb6 34. Bxd6 Qxd6 35. Rc3 Qe6+ 36. b3 Nd5 37. Rd3 c6 38. Qxa6 Ke7 39. Qb7+
Kf8 40. Qb8+ Ke7 41. Qg3 Qe2 42. Kb2 g6 43. f4 Kf8 44. Qh3 Kg7 45. Qd7 Qxh2 46.
Qxc6 Nf6 47. Rf3 Qe2 48. Qc3 h5 49. f5 g5 50. Rh3 h4 51. a4 bxa4 52. bxa4 Qf2
53. a5 g4 54. Qe3 Qxf5 55. Rxh4 Qb5+ 56. Kc1 Qf1+ 57. Kb2 Qb5+ 58. Kc1 Qf1+ 59.
Kd2 Ne4+ 60. Qxe4 Qf2+ 61. Kc3 Qxh4 62. a6 Qf6+ 63. Qd4 g3 64. Qxf6+ Kxf6 65.
a7 g2 66. a8=Q g1=Q 67. Qd8+ Ke6 68. Qe8+ Kf6 69. Qd8+ Ke6 70. Qc8+ Kf6 71.
Qc6+ Ke5 72. Qb5+ Kd6 73. Kb4 Qd4+ 74. c4 Qb2+ 75. Ka5 Qxb5+ 76. Kxb5 Kc7 77.
Kc5 f5 78. Kd5 f4 79. Ke4 Kc6 80. Kxf4 Kc5 1/2-1/2

[Event "Mundial Juvenil femenino 2005 s10"]
[Site "Belfort FRA"]
[Date "2005.07.23"]
[Round "5.3"]
[White "Baraeva, Marina"]
[Black "Lach, Aleksandra"]
[Result "0-1"]
[WhiteElo "1599"]
[BlackElo "1822"]
[PlyCount "100"]
[EventDate "2005.07.19"]
[EventType "swiss"]
[EventRounds "11"]
[EventCountry "FRA"]
[Source "lmi"]
[SourceDate "2005.07.31"]

1. c4 e5 2. Nc3 Nf6 3. g3 d5 4. cxd5 Nxd5 5. Bg2 Nxc3 6. bxc3 Nc6 7. e3 Be7 8.
Ne2 O-O 9. d4 exd4 10. cxd4 Nb8 11. O-O c6 12. Qb3 Na6 13. Rd1 Nc7 14. a4 Kh8
15. Ba3 Bxa3 16. Qxa3 Bg4 17. f3 Be6 18. Qb2 Nd5 19. Kf2 Re8 20. Qxb7 Nxe3 21.
Rd2 Nxg2 22. Kxg2 Bd5 23. Nf4 Qa5 24. Qb2 Reb8 25. Qc1 Rb3 26. Nxd5 Qxd5 27.
Qd1 Rab8 28. Rd3 Rb2+ 29. Kg1 h6 30. Rc3 Qe6 31. Qf1 Qd5 32. Qd1 Qd7 33. Rac1
R2b4 34. Rc4 a5 35. Rxc6 Rxd4 36. Qc2 Qa7 37. Rc8+ Rd8+ 38. Rc5 Qd7 39. Rxa5
Rbc8 40. Qb2 Rxc1+ 41. Qxc1 Qd4+ 42. Kg2 Re8 43. Qc2 Qe3 44. Qf2 Qd3 45. Kg1
Qd1+ 46. Kg2 Re2 47. Qxe2 Qxe2+ 48. Kh3 Qxf3 49. Ra7 g5 50. a5 h5 0-1

[Event "Mundial Juvenil femenino 2005 s10"]
[Site "Belfort FRA"]
[Date "2005.07.23"]
[Round "5.4"]
[White "Kotepalli, Sai Nirupama"]
[Black "Saduakassova, Dinara"]
[Result "1-0"]
[WhiteElo "1599"]
[BlackElo "1599"]
[PlyCount "119"]
[EventDate "2005.07.19"]
[EventType "swiss"]
[EventRounds "11"]
[EventCountry "FRA"]
[Source "lmi"]
[SourceDate "2005.07.31"]

1. e3 e5 2. g3 d5 3. Bg2 Nf6 4. Ne2 h5 5. h4 Nc6 6. d4 e4 7. a3 Be7 8. c4 dxc4
9. Nd2 Bf5 10. Nxc4 Qd7 11. b4 a6 12. Bb2 O-O-O 13. Rc1 Kb8 14. Nc3 Rhe8 15.
Nd2 Bf8 16. b5 axb5 17. Nxb5 Qd5 18. Nc3 Qa5 19. Nc4 Qa6 20. Bf1 Qa8 21. Nd2
Nd5 22. Nxd5 Rxd5 23. Bc4 Rd7 24. Qxh5 Bg6 25. Qg4 Rd6 26. Bb5 Ree6 27. d5 Rxd5
28. Bc4 Ne5 29. Bxe5 Rdxe5 30. Bxe6 Rxe6 31. O-O f5 32. Qe2 Qxa3 33. Nc4 Qd3
34. Qb2 Bh5 35. Ne5 Qd5 36. Nc4 Rc6 37. Qd4 Qxd4 38. exd4 Rxc4 39. Rxc4 Be2 40.
Ra4 Bxf1 41. Kxf1 b5 42. Ra2 Kb7 43. Ke2 Kc6 44. Rc2+ Kd6 45. Rc5 g6 46. Rxb5
Bg7 47. Ke3 Bh6+ 48. f4 exf3+ 49. Kxf3 Bg7 50. Ke3 Bh6+ 51. Kd3 Bg7 52. Rb8 Ke6
53. Rg8 Kf6 54. Rc8 g5 55. Rxc7 gxh4 56. gxh4 f4 57. Ke4 Bh6 58. Rc6+ Kg7 59.
Rxh6 Kxh6 60. Kxf4 1-0

[Event "Mundial Juvenil femenino 2005 s10"]
[Site "Belfort FRA"]
[Date "2005.07.23"]
[Round "5.5"]
[White "Anakidze, Nino"]
[Black "Papathanasiou, Aggeliki"]
[Result "1-0"]
[WhiteElo "1963"]
[BlackElo "1599"]
[PlyCount "95"]
[EventDate "2005.07.19"]
[EventType "swiss"]
[EventRounds "11"]
[EventCountry "FRA"]
[Source "lmi"]
[SourceDate "2005.07.31"]

1. e4 c5 2. Nc3 Nc6 3. g3 g6 4. Bg2 Bg7 5. d3 d6 6. f4 e6 7. Nf3 Nge7 8. O-O
O-O 9. Be3 Nd4 10. e5 Nef5 11. Bf2 Nxf3+ 12. Qxf3 Nd4 13. Qd1 a6 14. exd6 Qxd6
15. Ne4 Qc7 16. c3 f5 17. cxd4 fxe4 18. dxe4 cxd4 19. e5 Rd8 20. Qb3 d3 21.
Rfd1 d2 22. Bb6 Qe7 23. Bxd8 Qxd8 24. Qe3 Bf8 25. Qxd2 Bc5+ 26. Kh1 Qc7 27.
Qd8+ Qxd8 28. Rxd8+ Kg7 29. Rc1 Ba7 30. Rcxc8 Rxc8 31. Rxc8 Bb6 32. Bxb7 a5 33.
Rc6 Bd4 34. b3 Kf7 35. Bc8 Ke8 36. Bxe6 Ke7 37. Bg8 h5 38. Rxg6 Kf8 39. Bc4 Ke8
40. e6 Bc5 41. f5 Be7 42. f6 Bc5 43. Rg8+ Bf8 44. e7 h4 45. exf8=Q+ Kd7 46. Qc5
a4 47. Rg7+ Ke8 48. Qe7# 1-0

[Event "Mundial Juvenil femenino 2005 s10"]
[Site "Belfort FRA"]
[Date "2005.07.23"]
[Round "5.6"]
[White "Unaphkshvili, Nani"]
[Black "Baraeva, Irina"]
[Result "1-0"]
[WhiteElo "1599"]
[BlackElo "1599"]
[PlyCount "127"]
[EventDate "2005.07.19"]
[EventType "swiss"]
[EventRounds "11"]
[EventCountry "FRA"]
[Source "lmi"]
[SourceDate "2005.07.31"]

1. d4 d6 2. c4 e5 3. dxe5 dxe5 4. Qxd8+ Kxd8 5. Nf3 Nc6 6. b3 Bd6 7. Bb2 Bf5 8.
g3 Nf6 9. Bg2 Ke7 10. O-O Rhd8 11. Nc3 Rd7 12. Rac1 Kf8 13. Nb5 a6 14. Nxd6
cxd6 15. Rfd1 Rad8 16. Ba3 Ke7 17. Rd2 h6 18. Rcd1 Ne4 19. Rb2 Nc3 20. Rc1 Ne4
21. Nd2 Nxd2 22. Rxd2 Be6 23. e3 f5 24. Rcd1 Na7 25. c5 Nb5 26. cxd6+ Kf7 27.
Bb4 Rc8 28. Kf1 b6 29. Ke1 a5 30. Bf1 Na7 31. Ba3 b5 32. Bb2 e4 33. Bd4 Nc6 34.
Bxb5 Rxd6 35. Bb6 Rxd2 36. Rxd2 Ne7 37. Ba4 Ra8 38. Rc2 Nc8 39. Rc7+ Kg8 40.
Bd4 Bf7 41. Bc6 Rb8 42. Be5 Nb6 43. Rxf7 Kxf7 44. Bxb8 Nc8 45. Bc7 Ne7 46. Bd7
Nd5 47. Bxa5 g6 48. Bb5 Ke7 49. Bc4 Kd6 50. Bxd5 Kxd5 51. b4 Kc6 52. a4 Kb7 53.
b5 Ka7 54. Bd8 Kb7 55. a5 Ka7 56. b6+ Kb7 57. Kd2 Ka6 58. Kc3 Kb7 59. Kc4 h5
60. Kb5 h4 61. a6+ Ka8 62. b7+ Kb8 63. Kb6 h3 64. a7# 1-0

[Event "Mundial Juvenil femenino 2005 s10"]
[Site "Belfort FRA"]
[Date "2005.07.23"]
[Round "5.7"]
[White "Chen, Yuxuan"]
[Black "Roy, Myriam"]
[Result "1/2-1/2"]
[WhiteElo "1599"]
[BlackElo "1599"]
[PlyCount "68"]
[EventDate "2005.07.19"]
[EventType "swiss"]
[EventRounds "11"]
[EventCountry "FRA"]
[Source "lmi"]
[SourceDate "2005.07.31"]

1. e4 c5 2. c3 d5 3. exd5 Qxd5 4. d4 cxd4 5. cxd4 Nc6 6. Be3 Bf5 7. Nc3 Qd8 8.
d5 Ne5 9. Qd4 Ng6 10. Nf3 Nf6 11. Bb5+ Bd7 12. Bc4 e6 13. dxe6 Bxe6 14. Bb5+
Bd7 15. O-O Be7 16. Bxd7+ Qxd7 17. Rad1 Qxd4 18. Bxd4 O-O 19. Bxf6 Bxf6 20. Rd7
b6 21. Rfd1 h6 22. g3 Rfc8 23. Nd4 Ne5 24. Rd5 Nc4 25. b3 Nb2 26. Rc1 Nd3 27.
Rd1 Rxc3 28. Nb5 Rc5 29. R1xd3 Rc2 30. a4 Rc1+ 31. Kg2 a6 32. Na3 Rac8 33. Nc4
Rc6 34. Rd7 b5 1/2-1/2

[Event "Mundial Juvenil femenino 2005 s10"]
[Site "Belfort FRA"]
[Date "2005.07.23"]
[Round "5.8"]
[White "Efroimski, Marsel"]
[Black "Roy, Ali"]
[Result "1-0"]
[WhiteElo "1599"]
[BlackElo "1599"]
[PlyCount "75"]
[EventDate "2005.07.19"]
[EventType "swiss"]
[EventRounds "11"]
[EventCountry "FRA"]
[Source "lmi"]
[SourceDate "2005.07.31"]

1. e4 c6 2. d4 d5 3. e5 Bf5 4. Be3 e6 5. Nc3 Be7 6. g4 Bg6 7. Qd2 Bb4 8. h4 h6
9. f3 Nd7 10. Nge2 Qc7 11. a3 Qa5 12. O-O-O Bxc3 13. Nxc3 Ne7 14. f4 O-O-O 15.
Bg2 Nb6 16. Bf1 Kb8 17. h5 Bh7 18. Qf2 Na4 19. b4 Qc7 20. Nxa4 Be4 21. Rh2 b6
22. Bh3 Qd7 23. Nc3 Bh7 24. Kd2 Ka8 25. Rb1 b5 26. a4 a6 27. Qf1 Qb7 28. Ra1
Kb8 29. f5 exf5 30. gxf5 Rhg8 31. axb5 axb5 32. Ra5 Kc8 33. f6+ Kc7 34. fxe7
Rde8 35. Qxf7 Kb6 36. Nxd5+ cxd5 37. Qe6+ Kc7 38. Qd6# 1-0

[Event "Mundial Juvenil femenino 2005 s10"]
[Site "Belfort FRA"]
[Date "2005.07.23"]
[Round "5.10"]
[White "Wang, Jiating"]
[Black "Galunova, Tsveta"]
[Result "1-0"]
[WhiteElo "1599"]
[BlackElo "1599"]
[PlyCount "78"]
[EventDate "2005.07.19"]
[EventType "swiss"]
[EventRounds "11"]
[EventCountry "FRA"]
[Source "lmi"]
[SourceDate "2005.07.31"]

1. e4 e5 2. Nf3 Nc6 3. Bb5 Bc5 4. Bxc6 dxc6 5. O-O Nf6 6. d3 Qd6 7. Nbd2 Be6 8.
b3 O-O-O 9. Bb2 Nd7 10. Nc4 Bxc4 11. dxc4 f6 12. Qxd6 cxd6 13. c3 a6 14. a4 a5
15. Ba3 Bxa3 16. Rxa3 Nb6 17. Nd2 d5 18. exd5 cxd5 19. c5 Nd7 20. b4 axb4 21.
cxb4 Kc7 22. Rfa1 e4 23. a5 Ra8 24. Nb3 Ne5 25. b5 Rhb8 26. Nd4 Kd7 27. a6 bxa6
28. Rxa6 Rxa6 29. Rxa6 Nc4 30. Ra7+ Kc8 31. Rxg7 Rb7 32. Rg8+ Kc7 33. Ne6+ Kd7
34. c6+ Kxe6 35. cxb7 Ke5 36. b8=Q+ Kd4 37. Qa7+ Kd3 38. Rg3+ e3 39. Rxe3+ Kd2
1-0

[Event "Mundial Juvenil femenino 2005 s10"]
[Site "Belfort FRA"]
[Date "2005.07.23"]
[Round "5.11"]
[White "Owens, Megan"]
[Black "Barantseva, Alexandra"]
[Result "1/2-1/2"]
[WhiteElo "1599"]
[BlackElo "2089"]
[PlyCount "75"]
[EventDate "2005.07.19"]
[EventType "swiss"]
[EventRounds "11"]
[EventCountry "FRA"]
[Source "lmi"]
[SourceDate "2005.07.31"]

1. d4 e6 2. c4 d5 3. Nc3 Nf6 4. Bg5 Nbd7 5. e3 Be7 6. cxd5 Nxd5 7. Bxe7 Qxe7 8.
Nxd5 exd5 9. Bd3 O-O 10. Qc2 Nf6 11. Nf3 Re8 12. Rc1 c6 13. O-O Ne4 14. Bxe4
dxe4 15. Nd2 Bf5 16. Qc5 Qg5 17. Rfe1 Re6 18. Nf1 a6 19. Ng3 g6 20. d5 cxd5 21.
Qxd5 Rb8 22. Rc7 b5 23. Qd7 Rf8 24. Rec1 h5 25. Nxf5 gxf5 26. Rc8 Rg6 27. Rxf8+
Kxf8 28. Rc8+ Kg7 29. Qd4+ Qf6 30. Rc6 Qxd4 31. Rxg6+ fxg6 32. exd4 Kf6 33. Kf1
Ke6 34. Ke2 Kd5 35. Ke3 g5 36. g3 Kc4 37. b3+ Kd5 38. h3 1/2-1/2

[Event "Mundial Juvenil femenino 2005 s10"]
[Site "Belfort FRA"]
[Date "2005.07.23"]
[Round "5.12"]
[White "Aranaz Murillo, Amalia"]
[Black "Le, Thanh Phuong Uyen"]
[Result "0-1"]
[WhiteElo "1599"]
[BlackElo "1599"]
[PlyCount "97"]
[EventDate "2005.07.19"]
[EventType "swiss"]
[EventRounds "11"]
[EventCountry "FRA"]
[Source "lmi"]
[SourceDate "2005.07.31"]

1. d4 d5 2. Nf3 Nf6 3. c4 c6 4. Nc3 e6 5. Bg5 Qa5 6. Nd2 Bb4 7. Qc2 dxc4 8.
Bxf6 gxf6 9. Nxc4 Qd5 10. e3 b6 11. a3 Bxc3+ 12. Qxc3 Bb7 13. f3 Na6 14. e4 Qd7
15. Ne3 Rd8 16. Rd1 Qc7 17. Ng4 Qf4 18. Bxa6 Bxa6 19. Qxc6+ Ke7 20. Qc3 h5 21.
Qe3 Qd6 22. Nf2 Qc6 23. Qc3 Qb5 24. Qb4+ Qxb4+ 25. axb4 Rc8 26. Nd3 Rc2 27. Rg1
Bxd3 28. Rxd3 Rxb2 29. Ra3 Ra8 30. Rc3 Rxb4 31. Rc7+ Ke8 32. Kf2 Rxd4 33. Rgc1
Rd7 34. Rc8+ Rxc8 35. Rxc8+ Ke7 36. Ra8 h4 37. g3 h3 38. Rh8 Rd2+ 39. Kg1 Rd1+
40. Kf2 Rd2+ 41. Kg1 b5 42. Rb8 a6 43. Ra8 Ra2 44. Ra7+ Kf8 45. Kf1 b4 46. Rb7
a5 47. Rb5 Ke7 48. Rb7+ Kd6 49. Rxf7 0-1

[Event "Mundial Juvenil femenino 2005 s10"]
[Site "Belfort FRA"]
[Date "2005.07.23"]
[Round "5.13"]
[White "Salazar, Aura"]
[Black "Atabayva, Gozel"]
[Result "0-1"]
[WhiteElo "1599"]
[BlackElo "1599"]
[PlyCount "88"]
[EventDate "2005.07.19"]
[EventType "swiss"]
[EventRounds "11"]
[EventCountry "FRA"]
[Source "lmi"]
[SourceDate "2005.07.31"]

1. e4 e5 2. Nf3 Nc6 3. Nc3 Bc5 4. Nxe5 Nxe5 5. d4 Bxd4 6. Qxd4 Qf6 7. Be3 Ne7
8. Be2 N7c6 9. Qd2 O-O 10. O-O d6 11. Bg5 Qe6 12. f4 Nc4 13. Qc1 Nb6 14. f5 Qe5
15. f6 Nd4 16. fxg7 Nxe2+ 17. Nxe2 Re8 18. Ng3 Be6 19. Bf6 Qc5+ 20. Kh1 Nc4 21.
Nf5 Bxf5 22. Rxf5 Qe3 23. Qd1 Qxe4 24. Qh5 Ne3 25. Rg5 Nxc2 26. Rf1 Qe2 27.
Rgf5 Qxh5 28. Rxh5 Re6 29. Bc3 Ne3 30. Rf3 Rae8 31. h3 Nd1 32. Bf6 Re3 33. Rf4
R3e4 34. Rff5 a6 35. Rh6 Re1+ 36. Kh2 Ne3 37. Rfh5 Rf1 38. Rxh7 Rxf6 39. Rh8+
Kxg7 40. Rxe8 Nc4 41. b3 Ne5 42. Re7 Rf2 43. a3 Rd2 44. Rg5+ Kf8 0-1

[Event "Mundial Juvenil femenino 2005 s10"]
[Site "Belfort FRA"]
[Date "2005.07.23"]
[Round "5.14"]
[White "Baekelant, Eva"]
[Black "Mucha, Magdalena"]
[Result "0-1"]
[WhiteElo "1599"]
[BlackElo "1599"]
[PlyCount "96"]
[EventDate "2005.07.19"]
[EventType "swiss"]
[EventRounds "11"]
[EventCountry "FRA"]
[Source "lmi"]
[SourceDate "2005.07.31"]

1. e4 c5 2. Nc3 Nc6 3. f4 g6 4. Nf3 Bg7 5. d3 e6 6. Be2 Nge7 7. O-O O-O 8. Qe1
d5 9. Qh4 f6 10. Bd2 Nb4 11. Bd1 Bd7 12. a3 Na6 13. Be2 Qb6 14. Rab1 Rac8 15.
Kh1 Qc7 16. h3 b5 17. g4 Bc6 18. b4 cxb4 19. axb4 Nb8 20. Nd4 Qd7 21. Nxc6 Qxc6
22. Qf2 a6 23. Bf3 Qd7 24. Rfc1 Rc7 25. Qg2 d4 26. Na2 Rfc8 27. Be1 e5 28. f5
Bh6 29. h4 Bxc1 30. Rxc1 Kf7 31. g5 Qd6 32. h5 Rg8 33. Bh4 gxf5 34. exf5 fxg5
35. Bxg5 Rcc8 36. Bxe7 Kxe7 37. Qh3 Qh6 38. Qh4+ Qf6 39. Qe4 Rg7 40. Qb7+ Kd8
41. Qd5+ Nd7 42. Qe4 Ke7 43. c3 Qg5 44. Rd1 Qg3 45. Bg2 Rg4 46. Qe2 Rcg8 47.
f6+ Nxf6 48. Qf3 Qh4+ 0-1

[Event "Mundial Juvenil femenino 2005 s10"]
[Site "Belfort FRA"]
[Date "2005.07.23"]
[Round "5.15"]
[White "Bohorquez, Maria"]
[Black "Johonova, Eliska"]
[Result "1-0"]
[WhiteElo "1599"]
[BlackElo "1599"]
[PlyCount "67"]
[EventDate "2005.07.19"]
[EventType "swiss"]
[EventRounds "11"]
[EventCountry "FRA"]
[Source "lmi"]
[SourceDate "2005.07.31"]

1. e4 d5 2. exd5 Nf6 3. Bc4 Nxd5 4. Nf3 g6 5. d4 Bg7 6. Bd2 O-O 7. Nc3 c6 8.
O-O Qb6 9. Nxd5 cxd5 10. Bxd5 Bg4 11. Bc3 Nc6 12. Re1 Nxd4 13. Rxe7 Qc5 14. Re4
Bxf3 15. gxf3 Qxd5 16. Bxd4 Rad8 17. c3 f5 18. Re7 Bf6 19. Rc7 Rfe8 20. Rc5 Qe6
21. Rc7 Be5 22. Rxb7 g5 23. Rxa7 Qh6 24. Qb3+ Kh8 25. Bxe5+ Rxe5 26. Rd1 Rg8
27. Rdd7 Qg6 28. Qb7 Rg7 29. Rxg7 Re1+ 30. Kg2 g4 31. Rxg6 gxf3+ 32. Kxf3 Re7
33. Ra8+ Re8 34. Rxe8# 1-0

[Event "Mundial Juvenil femenino 2005 s10"]
[Site "Belfort FRA"]
[Date "2005.07.23"]
[Round "5.16"]
[White "Skrabanja, Karolina"]
[Black "Casusol, Cecilia"]
[Result "0-1"]
[WhiteElo "1599"]
[BlackElo "1599"]
[PlyCount "130"]
[EventDate "2005.07.19"]
[EventType "swiss"]
[EventRounds "11"]
[EventCountry "FRA"]
[Source "lmi"]
[SourceDate "2005.07.31"]

1. e4 e5 2. Nf3 Nc6 3. Nc3 Bc5 4. Bb5 d6 5. d3 h6 6. Bxc6+ bxc6 7. O-O Nf6 8.
h3 O-O 9. a3 Be6 10. Qe2 Qe7 11. Be3 Bb6 12. b3 Nd7 13. Nd2 f5 14. Bxb6 Nxb6
15. Qe3 f4 16. Qf3 Qh4 17. Kh2 h5 18. g3 Qxh3+ 19. Kg1 fxg3 20. Qxg3 Qxg3+ 21.
fxg3 g6 22. Kg2 Nd7 23. Ne2 Nf6 24. c3 Ng4 25. Rf3 Rxf3 26. Kxf3 Rf8+ 27. Nf4
exf4 28. gxf4 d5 29. Re1 g5 30. exd5 Rxf4+ 31. Kg2 Bxd5+ 32. Kg1 Rf6 33. Re8+
Rf8 34. Re7 Rf7 35. Re8+ Kg7 36. Re2 Nh6 37. Re5 Kf6 38. d4 Re7 39. Rxe7 Kxe7
40. c4 Be6 41. Kg2 Nf5 42. Nf3 g4 43. Ne5 Nxd4 44. b4 Kf6 45. Nd3 Bxc4 46. Nc5
h4 47. Ne4+ Ke5 48. Nc5 Nc2 49. a4 Nxb4 50. Nd7+ Ke6 51. Nf8+ Kf5 52. Nd7 Nd3
53. Nb8 Ne5 54. a5 Kf4 55. a6 c5 56. Kh2 Bb5 57. Kg2 h3+ 58. Kh2 Kf3 59. Nc6
Bxc6 60. Kh1 g3 61. Kg1 Ke3 62. Kf1 Kd2 63. Kg1 Ng4 64. Kf1 Ne3+ 65. Kg1 h2#
0-1

[Event "Mundial Juvenil femenino 2005 s10"]
[Site "Belfort FRA"]
[Date "2005.07.23"]
[Round "5.17"]
[White "Eid, Maha"]
[Black "Kabai, Zsuzsanna"]
[Result "1/2-1/2"]
[WhiteElo "1599"]
[BlackElo "1599"]
[PlyCount "71"]
[EventDate "2005.07.19"]
[EventType "swiss"]
[EventRounds "11"]
[EventCountry "FRA"]
[Source "lmi"]
[SourceDate "2005.07.31"]

1. d4 Nf6 2. Nc3 e6 3. Bg5 d5 4. e3 Nbd7 5. Bd3 h6 6. Bh4 Be7 7. Nf3 O-O 8. O-O
b6 9. Bg3 a6 10. Ne2 Bb7 11. Ne5 Nxe5 12. Bxe5 Bd6 13. Bxd6 Qxd6 14. c3 a5 15.
Rc1 Rfc8 16. Qc2 c5 17. Qd2 c4 18. Bb1 b5 19. Ng3 Ba6 20. Rfe1 Bb7 21. e4 dxe4
22. Nxe4 Bxe4 23. Bxe4 Nxe4 24. Rxe4 Kf8 25. Qc2 g6 26. Re5 Rab8 27. Qd2 Kg7
28. Rce1 Re8 29. Qd1 f6 30. R5e2 Rbd8 31. Qc2 Rd7 32. Qe4 Ree7 33. Qg4 Qd5 34.
Qe4 Qxe4 35. Rxe4 Kf7 36. f3 1/2-1/2

[Event "Mundial Juvenil femenino 2005 s10"]
[Site "Belfort FRA"]
[Date "2005.07.23"]
[Round "5.18"]
[White "Ho, En-Huei Danielle"]
[Black "Panisova, Monika"]
[Result "1-0"]
[WhiteElo "1599"]
[BlackElo "1599"]
[PlyCount "91"]
[EventDate "2005.07.19"]
[EventType "swiss"]
[EventRounds "11"]
[EventCountry "FRA"]
[Source "lmi"]
[SourceDate "2005.07.31"]

1. d4 d5 2. c4 dxc4 3. Nf3 Nf6 4. e3 Bg4 5. Bxc4 e6 6. O-O Be7 7. Nc3 O-O 8. h3
Bxf3 9. Qxf3 Nc6 10. Rd1 a6 11. Bd2 b5 12. Qxc6 bxc4 13. Qxc4 h6 14. e4 Re8 15.
Bf4 Bd6 16. e5 Rb8 17. exd6 cxd6 18. Qxa6 Rxb2 19. Qxd6 Qa5 20. Rdc1 Rc8 21.
Qe5 Qa3 22. Ne2 Rxc1+ 23. Bxc1 Nd7 24. Qc7 Nf6 25. Nc3 Nh5 26. Bxb2 Qxb2 27.
Rb1 Qd2 28. Rb8+ Kh7 29. Qxf7 Qxc3 30. Qg8+ Kg6 31. Qxe6+ Nf6 32. Rb3 Qxd4 33.
Rg3+ Kh7 34. Qf7 Ne4 35. Qf5+ Kh8 36. Qf8+ Kh7 37. Rg4 Qd1+ 38. Kh2 Qd6+ 39.
Qxd6 Nxd6 40. a4 Nb7 41. Rb4 Nc5 42. a5 h5 43. Rc4 Nb7 44. a6 Na5 45. a7 Nxc4
46. a8=Q 1-0

[Event "Mundial Juvenil femenino 2005 s10"]
[Site "Belfort FRA"]
[Date "2005.07.23"]
[Round "5.20"]
[White "Aggoune, Audessa"]
[Black "Milotunovic, Stefana"]
[Result "0-1"]
[WhiteElo "1599"]
[BlackElo "1599"]
[PlyCount "142"]
[EventDate "2005.07.19"]
[EventType "swiss"]
[EventRounds "11"]
[EventCountry "FRA"]
[Source "lmi"]
[SourceDate "2005.07.31"]

1. d4 Nf6 2. Nf3 g6 3. c4 Bg7 4. Nc3 O-O 5. Bf4 d6 6. e3 Nh5 7. Bg3 Nxg3 8.
hxg3 Nc6 9. Bd3 e5 10. d5 Ne7 11. e4 f5 12. Qc2 f4 13. Ne2 Bg4 14. Ng5 h6 15.
Nh3 f3 16. gxf3 Rxf3 17. Nc3 Qf8 18. Be2 Bxh3 19. Bxf3 Qxf3 20. Rxh3 Qg2 21.
Rh4 Qg1+ 22. Kd2 Qxa1 23. Qc1 Qxc1+ 24. Kxc1 Rb8 25. Rh2 h5 26. Nb5 a6 27. Nxc7
Rc8 28. Ne6 Rxc4+ 29. Kd2 b5 30. b3 Bh6+ 31. Kd3 Rc1 32. f3 Nc8 33. Nd8 Kf8 34.
Nc6 Ne7 35. Nb4 a5 36. Nc2 Rg1 37. Rh3 Ng8 38. Ke2 Nf6 39. g4 Rg2+ 40. Kd1 Rd2+
41. Ke1 Rxc2 42. a4 bxa4 43. bxa4 Bf4 44. gxh5 Rh2 45. Rxh2 Bxh2 46. hxg6 Kg7
47. Kd2 Kxg6 48. Kd3 Bf4 49. Kc3 Kf7 50. Kc4 Bd2 51. Kb5 Bb4 52. Kc4 Kg6 53.
Kd3 Kg5 54. Ke3 Nh5 55. Kd3 Kf4 56. Ke2 Nf6 57. Kf2 Nd7 58. Ke2 Nb6 59. Kd3
Kxf3 60. Kc2 Kxe4 61. Kb3 Kxd5 62. Kc2 e4 63. Kd1 Kd4 64. Ke2 e3 65. Kf3 Kd3
66. Kf4 e2 67. Kf5 e1=Q 68. Kf6 Qe4 69. Kg7 Qf5 70. Kg8 Qd7 71. Kf8 Bc3 0-1

[Event "Mundial Juvenil femenino 2005 s10"]
[Site "Belfort FRA"]
[Date "2005.07.24"]
[Round "6.1"]
[White "Aflalo, Sophie"]
[Black "Kotepalli, Sai Nirupama"]
[Result "0-1"]
[WhiteElo "1599"]
[BlackElo "1599"]
[PlyCount "160"]
[EventDate "2005.07.19"]
[EventType "swiss"]
[EventRounds "11"]
[EventCountry "FRA"]
[Source "lmi"]
[SourceDate "2005.07.31"]

1. e4 e6 2. d4 g6 3. Nc3 Bg7 4. Nf3 Ne7 5. h4 h5 6. Bd3 d5 7. e5 a6 8. Bg5 c5
9. dxc5 Nd7 10. Qe2 Qc7 11. Bxe7 Kxe7 12. O-O-O Nxe5 13. Rhe1 Nxd3+ 14. Qxd3
Kf8 15. Qe2 Bxc3 16. bxc3 Qxc5 17. Qe5 Rg8 18. Ng5 Rg7 19. Qf6 Qe7 20. Qf3 Bd7
21. Kb2 Qd6 22. Qf6 Re8 23. Re3 Qe7 24. Qd4 Bc6 25. f4 Bd7 26. g4 f6 27. Nf3
hxg4 28. Nh2 f5 29. Rh1 Rc8 30. Nf1 Rh7 31. Re2 Bb5 32. Reh2 Bxf1 33. Rxf1 Kf7
34. Rfh1 Rc4 35. Qe3 Re4 36. Qf2 Qd6 37. h5 gxh5 38. Rxh5 Rg7 39. Rh7 Qe7 40.
Rxg7+ Kxg7 41. Qh2 Qf8 42. Qh7+ Kf6 43. Rh6+ Qxh6 44. Qxh6+ Kf7 45. Qh7+ Kf6
46. Qh4+ Kf7 47. Qg3 Kf6 48. Kb3 b5 49. a3 Kg6 50. Kb2 Kh5 51. Qh2+ Kg6 52. Kc1
d4 53. cxd4 Rxd4 54. Kb2 Re4 55. Qg3 e5 56. fxe5 Kg5 57. Kc3 f4 58. Qg1 g3 59.
Kd3 Rxe5 60. Qa7 Re3+ 61. Kd4 Kg4 62. Qb7 Rxa3 63. c3 Ra2 64. Kd3 g2 65. Qe4
Kg3 66. Qg6+ Kf2 67. Qb6+ Kf1 68. Qf6 Rf2 69. c4 g1=Q 70. Qa1+ Kg2 71. Qg7+ Kh1
72. Qh6+ Rh2 73. Qxf4 Qd1+ 74. Ke4 Re2+ 75. Kf5 Qd7+ 76. Kg5 Qg7+ 77. Kf5 Qf7+
78. Kg5 Rg2+ 79. Kh6 Qxf4+ 80. Kh7 b4 0-1

[Event "Mundial Juvenil femenino 2005 s10"]
[Site "Belfort FRA"]
[Date "2005.07.24"]
[Round "6.2"]
[White "Lach, Aleksandra"]
[Black "Efroimski, Marsel"]
[Result "1-0"]
[WhiteElo "1822"]
[BlackElo "1599"]
[PlyCount "80"]
[EventDate "2005.07.19"]
[EventType "swiss"]
[EventRounds "11"]
[EventCountry "FRA"]
[Source "lmi"]
[SourceDate "2005.07.31"]

1. e4 e6 2. d3 d5 3. Nd2 Nf6 4. Ngf3 c5 5. g3 b6 6. Bg2 Bb7 7. e5 Nfd7 8. O-O
Nc6 9. Re1 Qc7 10. Qe2 Be7 11. c3 g5 12. Nf1 g4 13. N3d2 Ndxe5 14. f4 gxf3 15.
Nxf3 Ng6 16. d4 cxd4 17. Nxd4 h5 18. h3 Nxd4 19. cxd4 Bd6 20. Qf2 O-O-O 21. Bg5
Rdg8 22. Bf6 Rh7 23. Rac1 Bc6 24. Rc2 Kb7 25. Rec1 Nf8 26. Be5 Bxe5 27. dxe5
Rhg7 28. b4 Qd7 29. Rxc6 Qxc6 30. Rxc6 Kxc6 31. Qc2+ Kb7 32. b5 Ng6 33. Qc6+
Kb8 34. Qd6+ Kb7 35. Qc6+ Kb8 36. Qd6+ Kb7 37. Ne3 Rf8 38. Nxd5 exd5 39. Qxd5+
Kc8 40. Qb7+ Kd8 1-0

[Event "Mundial Juvenil femenino 2005 s10"]
[Site "Belfort FRA"]
[Date "2005.07.24"]
[Round "6.4"]
[White "Iwanow, Anna"]
[Black "Fataliyeva, Ulviyya"]
[Result "1-0"]
[WhiteElo "1854"]
[BlackElo "1599"]
[PlyCount "93"]
[EventDate "2005.07.19"]
[EventType "swiss"]
[EventRounds "11"]
[EventCountry "FRA"]
[Source "lmi"]
[SourceDate "2005.07.31"]

1. e4 e6 2. d4 d5 3. Nc3 dxe4 4. Nxe4 Nd7 5. Nf3 Be7 6. Bd3 Ngf6 7. O-O b6 8.
Bf4 Bb7 9. Qe2 O-O 10. Rfe1 Nxe4 11. Bxe4 Bxe4 12. Qxe4 Nf6 13. Qd3 c5 14. Rad1
cxd4 15. Nxd4 Rc8 16. Qa6 Nd5 17. Be5 Qd7 18. Qe2 Qb7 19. c3 Rfd8 20. Qf3 Qa6
21. a3 Bf6 22. Qg4 Bxe5 23. Rxe5 Nf6 24. Qf3 Qc4 25. Rg5 Kh8 26. h4 h6 27. Re5
Qa2 28. Qe2 Nd7 29. Re3 Nc5 30. Rf3 Kg8 31. Qe5 f6 32. Qe2 e5 33. Nf5 Kf8 34.
Rg3 Ne6 35. Qh5 Rxd1+ 36. Qxd1 Rd8 37. Qf3 Qb1+ 38. Kh2 Rd1 39. Rg4 h5 40. Rc4
Rh1+ 41. Kg3 Nf4 42. Qa8+ Kf7 43. Rc7+ Kg6 44. Ne7+ Kf7 45. Nf5+ Kg6 46. Ne7+
Kf7 47. Qg8# 1-0